Nuevos pasatiempos matemáticos / (Record no. 70644)

MARC details
000 -LEADER
campo de control de longitud fija 00610nam a2200205 4500
001 - NÚMERO DE CONTROL
campo de control 70644
003 - IDENTIFICADOR DE NÚMERO DE CONTROL
campo de control ES-MaACL
005 - FECHA Y HORA DE LA ÚLTIMA TRANSACCIÓN
campo de control 20250903021023.0
007 - CAMPO FIJO DE DESCRIPCIÓN FÍSICA--INFORMACIÓN GENERAL
campo de control de longitud fija t|
008 - DATOS DE LONGITUD FIJA--INFORMACIÓN GENERAL
campo de control de longitud fija 040729s1972 sp ad |||| | spa d
080 ## - NÚMERO DE LA CLASIFICACIÓN DECIMAL UNIVERSAL
Número de la Clasificación Decimal Universal 51-8
100 1# - ENTRADA PRINCIPAL--NOMBRE DE PERSONA
Nombre de persona Gardner, Martin.
9 (RLIN) 55513
245 10 - MENCIÓN DEL TÍTULO
Título Nuevos pasatiempos matemáticos /
Mención de responsabilidad, etc. Martín Gardner ; [traductor, Luis Bou García].
260 ## - PUBLICACIÓN, DISTRIBUCIÓN, ETC.
Lugar de publicación, distribución, etc. Madrid :
Nombre del editor, distribuidor, etc. Alianza,
Fecha de publicación, distribución, etc. [1972]
300 ## - DESCRIPCIÓN FÍSICA
Extensión 326 p. :
Otras características físicas il., gráf. ;
Dimensiones 18 cm.
650 07 - PUNTO DE ACCESO ADICIONAL DE MATERIA--TÉRMINO DE MATERIA
Término de materia o nombre geográfico como elemento de entrada Matemáticas recreativas
Fuente del encabezamiento o término embne
9 (RLIN) 14838
700 1# - ENTRADA AGREGADA--NOMBRE PERSONAL
Nombre de persona Bou García, Luis.
9 (RLIN) 30816
852 ## - LOCALIZACIÓN
Ubicación ES-MaACL
Número de control de estantería C-52714
Holdings
Estatus retirado Estado de pérdida Estado de daño No para préstamo Biblioteca de origen Biblioteca actual Ubicación en estantería Fecha de adquisición Fuente de adquisición Total de préstamos Signatura topográfica completa Código de barras Visto por última vez Precio de reemplazo Tipo de ítem Koha
        Biblioteca del Ateneo de Madrid Biblioteca del Ateneo de Madrid Depósito 2 17/01/2008     C-52714 1073971 23/02/2023 23/02/2023 Libro impreso